000 00375nam a22001337a 4500
008 230314b |||||||| |||| 00| 0 eng d
020 _a671200690.
050 _aDT647.T8 1962
100 _aTunbull,M Colin
_952229
245 _aThe lonely African,
_cColin M.Turnbull.
260 _aNew York:
_bSimon and Schuster,
_c1962.
300 _a251p;
_c22cm.
942 _2lcc
_cMONOGRAPH
999 _c131670
_d131670